000 00717nam a2200193Ia 4500
999 _c38778
_d38778
001 5127
003 GE_BSU
005 20190605211820.0
008 181216s1967||||ge |||||||||||||| ||geo||
040 _cGE_BSU
041 _ageo
080 _a744(075.4) შ- 15
100 _aშავგულიძე, ა.
_92216
245 _aტექნიკური ხაზვა :
_bსახელმძღვ. /
_cა. შავგულიძე
264 _aთბილისი :
_bგანათლება,
_c1967.
300 _a248 გვ. :
_bილ. , სავარჯიშოთა კრებული გვ.203.
_c30 სმ.
653 _aტექნიკური ხაზვა
942 _cBK
_2udc